| 000 | 01778nam a2200421 i 4500 | ||
|---|---|---|---|
| 001 | 000034458 | ||
| 003 | DO-SdBNP | ||
| 005 | 20260305073958.0 | ||
| 006 | a||||gr|||| 00| 0 | ||
| 007 | ta | ||
| 008 | 111004e2009 dr aoc e 000 0 spa d | ||
| 020 | _a9789945001419 | ||
| 040 |
_aDO-SdBNP _bspa _cBNPHU _erda |
||
| 041 | _hspa | ||
| 082 | 4 |
_a759.97293 _bG377m _222 |
|
| 100 | 1 |
_aGerón, Candido, _d1948- _eautor _93577 |
|
| 245 | 1 | 0 |
_aMaestros de la pintura dominicana = _bMasters of the dominican painting = Maîtres de la peinture dominicaine = Maestri della pittura dominicana _cCándido Gerón; traductores, Altagracia Amelia Cabral, Manuel García Cartagena, Simona Cappelli ; fotografía, Gianfranco Lanzetti, Mariano Hernández. |
| 246 | 1 | 0 | _a Masters of the dominican painting |
| 246 | 1 | 0 | _aMaîtres de la peinture dominicaine |
| 246 | 1 | 0 | _a Maestri della pittura dominicana |
| 264 | 1 |
_aSanto Domingo : _bCorripio, _c2009 |
|
| 300 |
_a528 páginas : _bilustraciones, fotografías, retratos. ; _c30 cm. |
||
| 336 |
_2rdacontent _atexto _btxt |
||
| 337 |
_2rdamedia _asin mediación _bn |
||
| 338 |
_2rdacarrier _avolumen _bnc |
||
| 500 | _aIncluye datos biográficos del autor en las solapas de las cubierta. | ||
| 546 | _aTexto en español, inglés, francés e italiano | ||
| 590 | _aInventariado, 2024 / MF | ||
| 650 | 7 |
_aPintura dominicana _911660 _2LEMB |
|
| 650 | 7 |
_aArte dominicano _937843 _2LEMB |
|
| 650 | 4 |
_aArtistas dominicanos _958025 _vBiografías |
|
| 700 | 1 |
_aCabral, Altagracia Amelia, _etraductor _943780 |
|
| 700 | 1 |
_aGarcía Cartagena, Manuel, _etraductor _912067 |
|
| 700 | 1 |
_aCappelli, Simona, _etraductor _959893 |
|
| 700 | 1 |
_aLanzetti, Gianfranco, _efotografía _962924 |
|
| 910 | _aValidado. Control de calidad MFF | ||
| 942 |
_2ddc _cLBS1 |
||
| 999 |
_c33949 _d33949 |
||